Bratislava ako zamestnávateľ zahraničnej migrácie

Problematika zamestnávania zahraničnej migrácie na území Bratislavy. Poznatky vedeckej obce ohľadom zamestnávania zahraničnej migrácie na regionálnej úrovni. Štatistika zamestnanej zahraničnej migrácie v Bratislave a problematika zamestnávania zahraničnej migrácie z pohľadu zamestnávateľov.

Gespeichert in:
Bibliographische Detailangaben
1. Verfasser: Seresová, Terézia, 1991-
Format: Buchkapitel
Sprache:Slowakisch
Schlagworte:
Tags: Tag hinzufügen
Keine Tags, Fügen Sie das erste Tag hinzu!

MARC

LEADER 00000naa$a2200000$$$4500
001 0279134
005 20240502074332.2
041 0 |a slo 
044 |a SK 
245 1 0 |a Bratislava ako zamestnávateľ zahraničnej migrácie  |c Terézia Seresová 
520 |a Problematika zamestnávania zahraničnej migrácie na území Bratislavy. Poznatky vedeckej obce ohľadom zamestnávania zahraničnej migrácie na regionálnej úrovni. Štatistika zamestnanej zahraničnej migrácie v Bratislave a problematika zamestnávania zahraničnej migrácie z pohľadu zamestnávateľov. 
610 2 0 |a Slovensko 
610 2 0 |a migrácia 
610 2 0 |a zamestnanci 
610 2 0 |a zamestnanosť 
610 2 0 |a cudzinci 
610 2 0 |a trh práce 
610 2 0 |a zamestnávatelia 
100 1 |a Seresová, Terézia, 1991-